000 00617nam a2200205Ii 4500
003 JO-AjNU
008 230605s9999||||xx |||||||||||||| ||und||
017 _a2013/4/1015
040 _aJO-AjNU
_bara
_erda
_cJO-AjNU
041 _aara
050 1 4 _aPJ7952 2011
100 3 _aزقوت، رائدة,
_eauthor
_947936
245 0 0 _aوشوشات قلم أحمر(قصص)
264 3 1 _aعمان:وزارة الثقافة،2013
300 _a201ص
336 _atext
_btxt
_2rdacontent
337 _aunmediated
_bn
_2rdamedia
338 _avolume
_bnc
_2rdacarrier
650 4 _aوشوشات قلم أحمر-شعر
_947937
999 _aA20960
_c24528
_d24528